「の」から始まる駅 - Statistics

General Stats
  • This quiz has been taken 22 times
  • The average score is 26 of 65
Answer Stats
Hint Answer % Correct
大阪 野田
94%
大阪 野田
94%
島根 乃木
83%
栃木 野木
78%
千葉 野田市
78%
東京 乃木坂
72%
滋賀 能登川
72%
大阪 野田阪神
67%
石川 野々市
67%
石川 野々市
67%
栃木 野崎
61%
大阪 野崎
61%
石川 能美根上
61%
石川 野町
56%
新潟 能生
50%
大阪 野江
50%
北海道 野幌
50%
愛知 野間
50%
神奈川 能見台
44%
大阪 野江内代
44%
福岡 直方
44%
東京 野方
44%
埼玉 野上
44%
福島 野沢
44%
愛知 野田新町
44%
石川 野々市工大前
44%
青森 野辺地
44%
高知 のいち
39%
神奈川 野島公園
39%
長野 野尻
39%
秋田 能代
39%
愛知 野田城
39%
石川 能登部
39%
長野 野辺山
39%
神奈川 登戸
39%
北海道 登別
39%
香川 農学部前
33%
富山 能町
33%
石川 能登鹿島
33%
石川 能登中島
33%
石川 能登二宮
33%
長崎 野中
33%
北海道 野花南
28%
石川 能瀬
28%
岩手 野田玉川
28%
岡山 野馳
28%
愛知 野並
28%
岡山 野々口
28%
宮城 のの岳
28%
宮城 野蒜
28%
富山 能町口
22%
北海道 野田生
22%
宮崎 延岡
22%
大分 野矢
22%
青森 野内
17%
茨城 延方
17%
茨城 野上原
11%
福島 野木沢
11%
福岡 野芥
11%
兵庫 野里
11%
岐阜 野志
11%
愛知 野跡
11%
山形 及位
11%
鹿児島 野田郷
11%
福岡 ノーフォーク広場
0%
No matching quizzes found
Score Distribution
Percent of People with Each Score
Percentile by Number Answered
Your Score History
You have not taken this quiz